[Event "PRO League Pacific 2017"]
[Site "chess.com INT"]
[Date "2017.01.25"]
[Round "3"]
[White "Pakleza, Zbigniew"]
[Black "Song, Edward"]
[Result "1-0"]
[WhiteTitle "GM"]
[BlackTitle "FM"]
[WhiteElo "2480"]
[BlackElo "2299"]
[WhiteTeam "Las Vegas Desert Rats"]
[BlackTeam "Pittsburgh Pawngrabbers"]
[WhiteFideId "1119290"]
[BlackFideId "2051192"]
[EventDate "2017.01.11"]

1. d4 Nf6 2. Bf4 g6 3. e3 Bg7 4. Nf3 O-O 5. Be2 d6 6. h3 b6 7. O-O Bb7 8. c4
Nbd7 9. Nc3 Ne4 10. Nxe4 Bxe4 11. Bg3 c5 12. Rc1 Rc8 13. a3 Qc7 14. b4 Qb7 15.
Qb3 cxd4 16. exd4 e5 17. dxe5 Nxe5 18. Rfd1 Nxf3+ 19. gxf3 Bc6 20. b5 Bd7 21.
Bf1 Be6 22. Bxd6 Rfd8 23. Qe3 Bf8 24. Bxf8 Rxf8 25. c5 bxc5 26. Rxc5 Rxc5 27.
Qxc5 Qxf3 28. Rd3 Qb7 29. Bg2 Qb8 30. a4 Rc8 31. Qe3 Qc7 32. Qd2 Qe5 33. Rd4 Kg7
34. Rb4 h5 35. h4 Kh7 36. Bc6 Qf6 37. Qd4 Qxd4 38. Rxd4 Kg7 39. Kh2 Kf6 40. a5
Ke7 41. a6 Rb8 42. Kg3 Rb6 43. Kf4 Bc8 44. Re4+ Kd6 45. Be8 Be6 46. Kg5 Ke7 47.
Bc6 Rb8 48. Bb7 f6+ 49. Kf4 g5+ 50. hxg5 fxg5+ 51. Kxg5 Rg8+ 52. Kf4 Kd7 53. b6
Rf8+ 54. Ke3 1-0

[Event "PRO League Pacific 2017"]
[Site "chess.com INT"]
[Date "2017.01.25"]
[Round "3"]
[White "Pakleza, Zbigniew"]
[Black "Heimann, Alexander C"]
[Result "1-0"]
[WhiteTitle "GM"]
[WhiteElo "2480"]
[BlackElo "2271"]
[WhiteTeam "Las Vegas Desert Rats"]
[BlackTeam "Pittsburgh Pawngrabbers"]
[WhiteFideId "1119290"]
[BlackFideId "2006073"]
[EventDate "2017.01.11"]

1. d4 e6 2. Bf4 Nf6 3. e3 b6 4. Nf3 Bb7 5. h3 Be7 6. Bd3 O-O 7. O-O d6 8. Nbd2
Nbd7 9. Qe2 c5 10. c3 Re8 11. Bh2 Qc7 12. e4 Rad8 13. e5 dxe5 14. dxe5 Nd5 15.
Rad1 Nf8 16. Ne4 Ng6 17. Nd6 Ndf4 18. Bxf4 Nxf4 19. Qe3 Rxd6 20. exd6 Bxd6 21.
Be4 Ba6 22. Rfe1 Ng6 23. Qd2 Rd8 24. Qc2 Rf8 25. Qa4 Bc8 26. Qc6 Qxc6 27. Bxc6
Bc7 28. g3 Ne7 29. Bd7 Bb7 30. Ne5 Rd8 31. Ba4 Rxd1 32. Rxd1 Bd5 33. Ng4 Kf8 34.
Ne3 Bc6 35. Bxc6 Nxc6 36. Rd7 Bb8 37. Rb7 Ke8 38. Nc4 g5 39. a4 Be5 40. Nxe5
Nxe5 41. Rxa7 Nd3 42. Rb7 Nxb2 43. a5 1-0

[Event "PRO League Pacific 2017"]
[Site "chess.com INT"]
[Date "2017.01.25"]
[Round "3"]
[White "Wheeler, Cameron"]
[Black "Boros, Denes"]
[Result "0-1"]
[WhiteTitle "FM"]
[BlackTitle "GM"]
[WhiteElo "2398"]
[BlackElo "2444"]
[WhiteTeam "San Francisco Mechanics"]
[BlackTeam "Webster Windmills"]
[WhiteFideId "2060531"]
[BlackFideId "722340"]
[EventDate "2017.01.11"]

1. d4 c6 2. Nf3 Nf6 3. c4 d5 4. e3 Bf5 5. Nc3 e6 6. Nh4 Be4 7. f3 Bg6 8. Qb3 Qc7
9. Kf2 Be7 10. g3 Nbd7 11. Bd2 a6 12. cxd5 Nxd5 13. Nxg6 hxg6 14. Rc1 Rc8 15.
Kg2 O-O 16. Bd3 N5f6 17. Ne2 c5 18. Nf4 Qb6 19. Qxb6 Nxb6 20. dxc5 Bxc5 21. Rc2
g5 22. Nh3 g4 23. Nf2 gxf3+ 24. Kxf3 Nfd7 25. Ke2 Ne5 26. Be4 Nbc4 27. Bxb7 Rb8
28. Bxa6 Nxd2 29. Rxd2 Ra8 30. Nd3 Nxd3 31. Bxd3 Rxa2 32. Bc4 Ra7 33. Rf1 Rb8
34. b3 Bb4 35. Rc2 Ra5 36. Kf3 Rd8 37. Rcf2 Re5 38. Ra2 Rd7 39. Ke2 Kh7 40. Bd3+
g6 41. Ra4 Bc5 42. Rf3 Red5 43. e4 Rh5 44. h4 Bd6 45. Rd4 Kg7 46. g4 Rxh4 47. e5
Rh2+ 48. Kf1 Ra7 49. Re4 0-1

[Event "PRO League Pacific 2017"]
[Site "chess.com INT"]
[Date "2017.01.25"]
[Round "3"]
[White "Wheeler, Cameron"]
[Black "Shimanov, Aleksandr"]
[Result "0-1"]
[WhiteTitle "FM"]
[BlackTitle "GM"]
[WhiteElo "2398"]
[BlackElo "2642"]
[WhiteTeam "San Francisco Mechanics"]
[BlackTeam "Webster Windmills"]
[WhiteFideId "2060531"]
[BlackFideId "4198603"]
[EventDate "2017.01.11"]

1. d4 Nf6 2. c4 g6 3. Nc3 Bg7 4. Nf3 d6 5. g3 O-O 6. Bg2 Nc6 7. O-O e5 8. dxe5
Nxe5 9. Nxe5 dxe5 10. Qxd8 Rxd8 11. Bg5 Rd4 12. Rad1 c6 13. Be3 Rxd1 14. Rxd1
Be6 15. b3 Bf8 16. Bg5 Kg7 17. Bc1 Ne8 18. Ne4 f6 19. Bb2 Kf7 20. h3 Be7 21. g4
h5 22. gxh5 gxh5 23. Bf3 Ng7 24. Kh2 h4 25. Nd6+ Bxd6 26. Rxd6 a5 27. Bg4 a4 28.
Bxe6+ Nxe6 29. Rd7+ Kg6 30. Rd6 Re8 31. bxa4 Nc5 32. a5 Kf5 33. f3 Ra8 34. e4+
Kf4 35. Rxf6+ Ke3 36. Bxe5 Rxa5 37. Bf4+ Ke2 38. a3 Nd3 39. Bd6 Rg5 40. Rf5 Rg6
41. Bb4 Kf1 42. Bc5 Rg2+ 43. Kh1 Rg3 44. Kh2 Ne1 45. e5 Nxf3+ 46. Rxf3+ Rxf3 47.
e6 Rf4 48. e7 Re4 49. Bd6 Re2+ 50. Kh1 Kf2 51. Kh2 Kf3+ 52. Kg1 Re6 53. c5 Re1+
54. Kh2 Kf2 55. a4 Kf3 56. a5 Kf2 57. Bc7 Rxe7 58. Bd8 Re4 0-1

[Event "PRO League Pacific 2017"]
[Site "chess.com INT"]
[Date "2017.01.25"]
[Round "3"]
[White "Toolin, Christopher"]
[Black "Tiglon, Bryce"]
[Result "0-1"]
[BlackTitle "FM"]
[WhiteElo "2209"]
[BlackElo "2312"]
[WhiteTeam "Dallas Destiny"]
[BlackTeam "Seattle Sluggers"]
[WhiteFideId "2024543"]
[BlackFideId "2087456"]
[EventDate "2017.01.11"]

1. Nf3 Nf6 2. g3 g6 3. Bg2 Bg7 4. O-O O-O 5. d4 d5 6. c4 dxc4 7. Qc2 a6 8. a4
Nc6 9. Rd1 Na5 10. Nbd2 Nd5 11. e4 Nf6 12. Ne5 Ng4 13. Ndxc4 Nxc4 14. Nxc4 Bxd4
15. Be3 c5 16. h3 Nf6 17. e5 Bf5 18. Qb3 Nd7 19. Bxd4 cxd4 20. Rxd4 Be6 21. Qxb7
Rb8 22. Qxa6 Rb4 23. Rad1 Qc7 24. Ne3 Rxb2 25. Bd5 Nxe5 26. Nc4 Bxd5 27. Nxe5
Bb7 28. Qd3 Qxe5 29. Rd7 Qc5 30. Qd4 Qc6 0-1

[Event "PRO League Pacific 2017"]
[Site "chess.com INT"]
[Date "2017.01.25"]
[Round "3"]
[White "Toolin, Christopher"]
[Black "Petrosian, Tigran L."]
[Result "0-1"]
[BlackTitle "GM"]
[WhiteElo "2209"]
[BlackElo "2592"]
[WhiteTeam "Dallas Destiny"]
[BlackTeam "Seattle Sluggers"]
[WhiteFideId "2024543"]
[BlackFideId "13301616"]
[EventDate "2017.01.11"]

1. d4 d6 2. c4 e5 3. e3 Nd7 4. Nf3 e4 5. Nfd2 f5 6. Nc3 Ngf6 7. b3 c6 8. Bb2 d5
9. cxd5 cxd5 10. Be2 a6 11. O-O Bd6 12. f3 O-O 13. f4 b5 14. a3 Nb6 15. Qe1 Be6
16. Qg3 Qe7 17. Rfc1 Kh8 18. h3 Rg8 19. Qh4 g5 20. fxg5 Nfd7 21. Ncxe4 fxe4 22.
Nxe4 dxe4 23. d5+ Be5 24. Bxe5+ Nxe5 25. dxe6 Rxg5 26. Qxe4 Rag8 27. g4 Qxe6 28.
Rc7 Qh6 29. Kh2 Nd5 30. Rc5 Nxg4+ 31. Bxg4 Qd6+ 32. Kh1 Qxc5 33. Rf1 Qxe3 34.
Qc2 Rxg4 35. hxg4 Qh3+ 36. Kg1 Rxg4+ 0-1

[Event "PRO League Pacific 2017"]
[Site "chess.com INT"]
[Date "2017.01.25"]
[Round "3"]
[White "Chirila, Ioan-Cristian"]
[Black "Ruiz Castillo, Joshua Daniel"]
[Result "0-1"]
[WhiteTitle "GM"]
[BlackTitle "IM"]
[WhiteElo "2533"]
[BlackElo "2331"]
[WhiteTeam "San Jose Hackers"]
[BlackTeam "Rio Grande Ospreys"]
[WhiteFideId "1211668"]
[BlackFideId "4400704"]
[EventDate "2017.01.11"]

1. Nf3 Nf6 2. g3 b5 3. Bg2 Bb7 4. d4 e6 5. O-O c5 6. a4 b4 7. a5 a6 8. Nbd2 d5
9. dxc5 Bxc5 10. Nb3 Bd6 11. Be3 Nc6 12. Nc5 Bc8 13. Na4 Nd7 14. Nd4 Nxa5 15. c3
Bb7 16. cxb4 Bxb4 17. Nb3 Nc4 18. Bd4 O-O 19. Nbc5 Nxc5 20. Nxc5 Bc8 21. b3 Nb6
22. e4 e5 23. Nd3 exd4 24. Nxb4 dxe4 25. Bxe4 Qd6 26. Bxa8 Nxa8 27. Nc2 d3 28.
Qd2 Rd8 29. Ne3 Bb7 30. Rac1 Nc7 31. Rc3 Nb5 32. Nf5 Qd7 33. Rc5 g6 34. Qg5 Nd4
35. Nh6+ Kg7 36. Nf5+ Nxf5 37. Rxf5 d2 38. Rd1 Qxf5 39. Qxd8 Qe4 40. Kf1 Qh1+
41. Ke2 Bf3+ 42. Ke3 Bxd1 43. Qd4+ Kh6 44. Qh4+ Kg7 45. Qd4+ f6 46. Qd7+ Kh6 47.
Qxd2 Bh5 48. Kd4+ g5 49. Kc5 Qb7 50. Qd6 Kg7 51. b4 Be8 52. Qd8 Qc6+ 53. Kd4
Qd7+ 0-1

[Event "PRO League Pacific 2017"]
[Site "chess.com INT"]
[Date "2017.01.25"]
[Round "3"]
[White "Chirila, Ioan-Cristian"]
[Black "Belous, Vladimir"]
[Result "0-1"]
[WhiteTitle "GM"]
[BlackTitle "GM"]
[WhiteElo "2533"]
[BlackElo "2564"]
[WhiteTeam "San Jose Hackers"]
[BlackTeam "Rio Grande Ospreys"]
[WhiteFideId "1211668"]
[BlackFideId "4174003"]
[EventDate "2017.01.11"]

1. Nf3 Nf6 2. g3 g6 3. b3 Bg7 4. Bb2 O-O 5. Bg2 d6 6. d4 Nbd7 7. O-O e5 8. dxe5
Ng4 9. c4 Ngxe5 10. Nc3 a5 11. Nxe5 Nxe5 12. Qd2 a4 13. Nd5 c6 14. Ne3 Qf6 15.
Rab1 axb3 16. axb3 Ra2 17. Rfd1 Be6 18. Bxe5 Rxd2 19. Bxf6 Rxd1+ 20. Rxd1 Bxf6
21. Rxd6 Ra8 22. Rd1 Ra2 23. Bf3 Rb2 24. Rd3 Bh3 25. Bg2 Be6 26. Bf3 h5 27. h4
Be7 28. Kg2 Bc5 29. Be4 Rxe2 30. Bf3 Rb2 31. Nd1 Rb1 32. Ne3 Kg7 33. Be4 Rb2 34.
Nd1 Ra2 35. Ne3 Kf6 36. Rc3 Ke5 37. Bf3 Kd4 38. Rc1 Kd3 39. Re1 Kc3 40. Bd1 Rd2
41. Kg1 Bf5 42. Kg2 Bd3 43. Kg1 Bxe3 44. fxe3 Be4 45. Kf1 Rh2 46. Kg1 Kd2 0-1

[Event "PRO League Pacific 2017"]
[Site "chess.com INT"]
[Date "2017.01.25"]
[Round "3"]
[White "Zherebukh, Yaroslav"]
[Black "Nagle, Sean"]
[Result "1-0"]
[WhiteTitle "GM"]
[BlackTitle "IM"]
[WhiteElo "2617"]
[BlackElo "2423"]
[WhiteTeam "St Louis Arch Bishops"]
[BlackTeam "Minnesota Blizzard"]
[WhiteFideId "14116804"]
[BlackFideId "2013878"]
[EventDate "2017.01.11"]

1. d4 Nf6 2. c4 g6 3. Nf3 Bg7 4. Nc3 O-O 5. e4 d6 6. h3 e5 7. d5 a5 8. Be3 Na6
9. Qc2 Nh5 10. g4 Nf4 11. O-O-O Bd7 12. Rg1 Kh8 13. Qd2 Nc5 14. Nxe5 dxe5 15.
Bxc5 Re8 16. Kb1 Qh4 17. Be3 Qf6 18. g5 Qe7 19. h4 h5 20. gxh6 Bxh6 21. d6 cxd6
22. Nd5 Qxh4 23. Nc7 Bc6 24. f3 Kg7 25. Nxa8 Rxa8 26. Qxd6 Qh5 27. Bd3 Re8 28.
Rgf1 Bg5 29. Bc2 Qh3 30. Qd2 Rd8 31. Qc3 Re8 32. Qxa5 Bf6 33. Qd2 Rd8 34. Qf2
Bh4 35. Qg1 Ne2 36. Qh1 Rxd1+ 37. Rxd1 Qg3 38. Rf1 Bg5 39. Bxg5 Qxg5 40. Qh2 Nf4
41. Rh1 Nh5 42. Rg1 Qf6 43. Qxh5 1-0

[Event "PRO League Pacific 2017"]
[Site "chess.com INT"]
[Date "2017.01.25"]
[Round "3"]
[White "Zherebukh, Yaroslav"]
[Black "Titus, Andrew L"]
[Result "1-0"]
[WhiteTitle "GM"]
[WhiteElo "2617"]
[BlackElo "2161"]
[WhiteTeam "St Louis Arch Bishops"]
[BlackTeam "Minnesota Blizzard"]
[WhiteFideId "14116804"]
[BlackFideId "2059770"]
[EventDate "2017.01.11"]

1. d4 d5 2. c4 e6 3. Nf3 Nf6 4. g3 Bb4+ 5. Bd2 Be7 6. Bg2 O-O 7. O-O c6 8. Qc2
b6 9. Ne5 Nfd7 10. Nxd7 Nxd7 11. e4 Bb7 12. Re1 Rc8 13. Nc3 c5 14. exd5 cxd4 15.
dxe6 Bxg2 16. exd7 Qxd7 17. Kxg2 dxc3 18. Bxc3 Rxc4 19. Qe2 Qb7+ 20. Kg1 Rc7 21.
Rad1 Bc5 22. h4 a5 23. h5 Re7 24. Qg4 Rxe1+ 25. Rxe1 f6 26. h6 Qf7 27. Re6 Qg6
28. Qxg6 hxg6 29. hxg7 Kxg7 30. a4 g5 31. g4 Rf7 32. Kg2 Kg6 33. Rc6 Rf8 34. f3
Be3 35. Kf1 Rf7 36. Ke2 Bg1 37. Kd3 Rd7+ 38. Kc4 Rf7 39. Kb5 Rf8 40. Re6 Rf7 41.
b3 Rf8 42. Rc6 Rf7 43. Kc4 Kg7 44. Kd5 Kg6 45. Re6 Rf8 46. Rc6 Rf7 47. Kc4 Kg7
48. Bd4 Bxd4 49. Kxd4 Rd7+ 50. Kc4 Re7 51. Rxb6 Re3 52. b4 axb4 53. a5 Rxf3 54.
a6 Ra3 55. Kxb4 Ra1 56. Kb5 Kf7 57. Rc6 Rb1+ 58. Ka5 Ra1+ 59. Kb6 f5 60. gxf5
Ra2 61. Kb7 Rb2+ 62. Rb6 Ra2 63. a7 1-0

[Event "PRO League Pacific 2017"]
[Site "chess.com INT"]
[Date "2017.01.25"]
[Round "3"]
[White "Naroditsky, Daniel"]
[Black "Belous, Vladimir"]
[Result "0-1"]
[WhiteTitle "GM"]
[BlackTitle "GM"]
[WhiteElo "2646"]
[BlackElo "2564"]
[WhiteTeam "San Jose Hackers"]
[BlackTeam "Rio Grande Ospreys"]
[WhiteFideId "2026961"]
[BlackFideId "4174003"]
[EventDate "2017.01.11"]

1. Nf3 c5 2. c4 g6 3. d4 Bg7 4. e4 Qa5+ 5. Bd2 Qb6 6. Bc3 Nc6 7. dxc5 Bxc3+ 8.
Nxc3 Qxb2 9. Nd5 Nf6 10. Bd3 O-O 11. O-O Qa3 12. e5 Ng4 13. Qe2 Qxc5 14. h3 Nh6
15. Rab1 a6 16. Qd2 Kg7 17. Qc3 b5 18. Rfe1 bxc4 19. Bxc4 e6 20. Nf6 Nf5 21. Re4
Rb8 22. Rxb8 Nxb8 23. Qd2 Bb7 24. Bd3 Bxe4 25. Bxe4 Rc8 26. Kh2 Qc1 27. Qe2 Qf4+
28. g3 Nd4 29. Nxd4 Qxe5 30. Nxd7 Qxd4 31. Nxb8 Rxb8 0-1

[Event "PRO League Pacific 2017"]
[Site "chess.com INT"]
[Date "2017.01.25"]
[Round "3"]
[White "Swiercz, Dariusz"]
[Black "Iwu, Okechukwu N"]
[Result "1-0"]
[WhiteTitle "GM"]
[WhiteElo "2647"]
[BlackElo "2161"]
[WhiteTeam "St Louis Arch Bishops"]
[BlackTeam "Minnesota Blizzard"]
[WhiteFideId "1126881"]
[BlackFideId "2020718"]
[EventDate "2017.01.11"]

1. e4 e6 2. d4 d5 3. Nc3 Bb4 4. e5 Ne7 5. a3 Bxc3+ 6. bxc3 b6 7. h4 Ba6 8. Bxa6
Nxa6 9. h5 h6 10. Qg4 Kf8 11. Qe2 Nb8 12. Nf3 Nbc6 13. g4 Na5 14. Nh4 Qd7 15. g5
Qc6 16. Qf3 Ke8 17. gxh6 gxh6 18. Rg1 Kd7 19. Rg3 Raf8 20. Qf6 Rhg8 21. Bd2 Rxg3
22. fxg3 Rg8 23. Kf2 Qa4 24. Rc1 Qxa3 25. Qxf7 Nc4 26. Bxh6 Qxc3 27. Nf3 c5 28.
Bf4 cxd4 29. h6 Ne3 30. Qxg8 Nxg8 31. h7 Ne7 32. h8=Q Qb2 33. Qh1 Nxc2 34. Qd1
Nb4+ 35. Kg1 d3 36. Qd2 Qa3 37. Qc3 Qxc3 38. Rxc3 a5 39. Be3 Nc8 40. Nd4 a4 41.
Ra3 b5 42. Nxb5 Ne7 43. Rxa4 Nec6 44. Nd4 Nc2 45. Nxc2 dxc2 46. Kf2 Nxe5 47. Ke2
Nc4 48. Rxc4 dxc4 49. Kd2 1-0

[Event "PRO League Pacific 2017"]
[Site "chess.com INT"]
[Date "2017.01.25"]
[Round "3"]
[White "Swiercz, Dariusz"]
[Black "Tang, Andrew"]
[Result "1-0"]
[WhiteTitle "GM"]
[BlackTitle "IM"]
[WhiteElo "2647"]
[BlackElo "2466"]
[WhiteTeam "St Louis Arch Bishops"]
[BlackTeam "Minnesota Blizzard"]
[WhiteFideId "1126881"]
[BlackFideId "2059630"]
[EventDate "2017.01.11"]

1. e4 e5 2. Nf3 Nc6 3. Bb5 a6 4. Ba4 Nf6 5. O-O Be7 6. d3 b5 7. Bb3 d6 8. a4 b4
9. Nbd2 O-O 10. c3 Rb8 11. h3 Na5 12. Ba2 Be6 13. Bxe6 fxe6 14. d4 exd4 15. cxd4
Nd7 16. Nb3 c6 17. Re1 Re8 18. Bf4 Bf8 19. Rc1 Rc8 20. Qd3 c5 21. Nfd2 Nxb3 22.
Nxb3 cxd4 23. Qxd4 Qb6 24. Qd3 h6 25. a5 Qb5 26. Qg3 Rxc1 27. Rxc1 Nf6 28. Qg6
Qd3 29. Nd2 Qb5 30. Bxh6 Qxa5 31. Bg5 b3 32. Nc4 Qc7 33. Bxf6 Rc8 34. Bg5 Qd7
35. Rc3 d5 36. Nb6 1-0

[Event "PRO League Pacific 2017"]
[Site "chess.com INT"]
[Date "2017.01.25"]
[Round "3"]
[White "Feng, Roland"]
[Black "Toolin, Christopher"]
[Result "1-0"]
[WhiteTitle "FM"]
[WhiteElo "2338"]
[BlackElo "2209"]
[WhiteTeam "Seattle Sluggers"]
[BlackTeam "Dallas Destiny"]
[WhiteFideId "2060086"]
[BlackFideId "2024543"]
[EventDate "2017.01.11"]

1. d4 d5 2. c4 e6 3. Nc3 Nf6 4. cxd5 exd5 5. Bg5 c6 6. Qc2 Be7 7. e3 Nbd7 8. Bd3
Nh5 9. Bxe7 Qxe7 10. Rc1 g6 11. Nxd5 Qd6 12. Nc3 O-O 13. Nge2 Ndf6 14. f3 Re8
15. e4 Nf4 16. Nxf4 Qxf4 17. O-O Qe3+ 18. Kh1 Qxd4 19. f4 Bd7 20. Rcd1 Qb6 21.
e5 Ng4 22. Na4 Qb4 23. a3 Qe7 24. Qe2 Qh4 25. h3 Nh6 26. Nc5 Bg4 27. Qe1 Qe7 28.
Rc1 Bf5 29. Bxf5 Nxf5 30. Ne4 Red8 31. Nf6+ Kg7 32. g4 Nd4 33. Qh4 h6 34. Rce1
Nc2 35. Re2 Nd4 36. Re4 Qc5 37. f5 g5 38. Qg3 Qc2 39. Rfe1 Qxb2 40. Nh5+ Kh8 41.
e6 fxe6 42. Qe5+ 1-0

[Event "PRO League Pacific 2017"]
[Site "chess.com INT"]
[Date "2017.01.25"]
[Round "3"]
[White "Feng, Roland"]
[Black "Li, Ruifeng"]
[Result "0-1"]
[WhiteTitle "FM"]
[BlackTitle "IM"]
[WhiteElo "2338"]
[BlackElo "2564"]
[WhiteTeam "Seattle Sluggers"]
[BlackTeam "Dallas Destiny"]
[WhiteFideId "2060086"]
[BlackFideId "2061074"]
[EventDate "2017.01.11"]

1. d4 d5 2. c4 e6 3. Nc3 c6 4. e3 Nd7 5. Qc2 Ngf6 6. Nf3 Bd6 7. Bd3 O-O 8. O-O
dxc4 9. Bxc4 b5 10. Be2 Bb7 11. Rd1 Qc7 12. e4 e5 13. Bg5 exd4 14. Rxd4 Ne5 15.
Bxf6 gxf6 16. g3 Nxf3+ 17. Bxf3 Be5 18. Rd2 Rad8 19. Rad1 a6 20. Ne2 Rxd2 21.
Qxd2 c5 22. Nc3 Bd4 23. Nd5 Qe5 24. b3 f5 25. Qg5+ Kh8 26. Rxd4 Qxd4 27. Nf6
fxe4 28. Qh6 Qa1+ 29. Kg2 exf3+ 30. Kh3 Bc8+ 31. Kh4 Qd4+ 32. Kh5 Qe5+ 33. Kh4
Qd4+ 34. Kh5 Bg4+ 35. Nxg4 Qg7 36. Qf4 f5 37. Ne3 Rf6 38. Qb8+ Qf8 39. Qf4 Qe8+
40. Kg5 Qg6+ 41. Kh4 Qh6+ 42. Qxh6 Rxh6+ 43. Kg5 Rxh2 44. Kxf5 Rxf2 45. Kf4 Rxa2
46. Kxf3 Rb2 0-1

[Event "PRO League Pacific 2017"]
[Site "chess.com INT"]
[Date "2017.01.25"]
[Round "3"]
[White "Holt, Conrad"]
[Black "Feng, Roland"]
[Result "1-0"]
[WhiteTitle "GM"]
[BlackTitle "FM"]
[WhiteElo "2567"]
[BlackElo "2338"]
[WhiteTeam "Dallas Destiny"]
[BlackTeam "Seattle Sluggers"]
[WhiteFideId "2034387"]
[BlackFideId "2060086"]
[EventDate "2017.01.11"]

1. d4 Nf6 2. c4 e6 3. Nc3 Bb4 4. Qc2 O-O 5. a3 Bxc3+ 6. Qxc3 Qe8 7. f3 d6 8. Bg5
Nfd7 9. e3 b6 10. Bd3 Bb7 11. Ne2 e5 12. O-O h6 13. Bh4 Nc6 14. Rae1 f5 15. d5
Ne7 16. f4 Ng6 17. Bg3 e4 18. Bc2 a5 19. b4 axb4 20. axb4 Qf7 21. Rb1 b5 22.
cxb5 Nb6 23. Rfd1 Kh7 24. Be1 Bxd5 25. Qd4 Bc4 26. Nc3 Ne7 27. Bh4 Ned5 28. Nxd5
Bxd5 29. Rd2 Ra2 30. Rc1 Be6 31. g4 Nc4 32. Rg2 Ra3 33. Rg3 d5 34. g5 g6 35.
gxh6 Nd6 36. Bd1 Nxb5 37. Qc5 Bd7 38. Kh1 Rg8 39. Be2 c6 40. Rg2 Qf8 41. Be7 Qf7
42. h4 Re8 43. Bg5 Qf8 44. Bxb5 cxb5 45. Qxd5 Ra7 46. h5 Be6 47. hxg6+ Kxg6 48.
Qd4 Kh7 49. Qxa7+ 1-0

[Event "PRO League Pacific 2017"]
[Site "chess.com INT"]
[Date "2017.01.25"]
[Round "3"]
[White "Durarbayli, Vasif"]
[Black "Bhat, Vinay S."]
[Result "0-1"]
[WhiteTitle "GM"]
[BlackTitle "GM"]
[WhiteElo "2616"]
[BlackElo "2519"]
[WhiteTeam "Webster Windmills"]
[BlackTeam "San Francisco Mechanics"]
[WhiteFideId "13402935"]
[BlackFideId "2011352"]
[EventDate "2017.01.11"]

1. e4 e5 2. Nf3 Nc6 3. Bb5 a6 4. Ba4 Nf6 5. d3 d6 6. c3 Be7 7. Nbd2 O-O 8. Nf1
b5 9. Bc2 d5 10. exd5 Qxd5 11. h3 h6 12. Ng3 Be6 13. O-O Qd7 14. Qe2 Rfe8 15.
Re1 Nd5 16. Bd2 Bd6 17. b4 f5 18. a4 Nf4 19. Qd1 Qf7 20. axb5 axb5 21. Rxa8 Rxa8
22. Bxf4 exf4 23. Rxe6 fxg3 24. Bb3 Kf8 25. Rxd6 Qxb3 26. Qc1 cxd6 27. fxg3 Ne5
28. Nd4 Qd5 29. Qf1 g6 30. g4 Ra2 31. gxf5 g5 32. f6 Nxd3 33. Ne2 Nf4 34. Nxf4
gxf4 35. c4 Qd4+ 36. Kh2 Qe4 37. cxb5 f3 38. Qc1 Qe5+ 39. Kh1 fxg2+ 40. Kg1 Qd4+ 0-1

[Event "PRO League Pacific 2017"]
[Site "chess.com INT"]
[Date "2017.01.25"]
[Round "3"]
[White "Iwu, Okechukwu N"]
[Black "Zherebukh, Yaroslav"]
[Result "1/2-1/2"]
[BlackTitle "GM"]
[WhiteElo "2161"]
[BlackElo "2617"]
[WhiteTeam "Minnesota Blizzard"]
[BlackTeam "St Louis Arch Bishops"]
[WhiteFideId "2020718"]
[BlackFideId "14116804"]
[EventDate "2017.01.11"]

1. d4 Nf6 2. Nf3 c5 3. d5 e6 4. Nc3 exd5 5. Nxd5 Nxd5 6. Qxd5 Be7 7. Bf4 O-O 8.
e3 Nc6 9. c3 d6 10. Bd3 g6 11. h4 Be6 12. Qe4 Qb6 13. O-O-O Bxa2 14. Bc4 Bxc4
15. Qxc4 Rad8 16. h5 Qa6 17. Qd5 Bf6 18. hxg6 Qa1+ 19. Kc2 Nb4+ 20. cxb4 Qxb2+
21. Kd3 c4+ 22. Qxc4 Rc8 23. gxf7+ Kh8 24. Rxh7+ Kxh7 25. Rh1+ Kg7 26. Bh6+ Kg6
27. Qg4+ Kxf7 28. Qd7+ Kg6 29. Qg4+ Kf7 30. Qd7+ Kg6 31. Qg4+ Kf7 32. Qd7+ Kg6 1/2-1/2

[Event "PRO League Pacific 2017"]
[Site "chess.com INT"]
[Date "2017.01.25"]
[Round "3"]
[White "Iwu, Okechukwu N"]
[Black "Ramirez, Alejandro"]
[Result "0-1"]
[BlackTitle "GM"]
[WhiteElo "2161"]
[BlackElo "2555"]
[WhiteTeam "Minnesota Blizzard"]
[BlackTeam "St Louis Arch Bishops"]
[WhiteFideId "2020718"]
[BlackFideId "6500617"]
[EventDate "2017.01.11"]

1. d4 Nf6 2. Nf3 c5 3. d5 g6 4. Nc3 Bg7 5. e4 d6 6. Bb5+ Bd7 7. a4 O-O 8. O-O
Bg4 9. Be2 Nbd7 10. Nd2 Bxe2 11. Qxe2 e6 12. dxe6 fxe6 13. Nc4 Nb6 14. Bg5 Nxc4
15. Qxc4 Re8 16. Rad1 Qb6 17. Qb5 Rad8 18. f3 h6 19. Bh4 g5 20. Qxb6 axb6 21.
Bg3 d5 22. Bc7 Rc8 23. Bxb6 Nd7 24. a5 d4 25. Nb5 Nxb6 26. axb6 Rc6 27. Na3 c4
28. Ra1 Rec8 29. Ra2 Rxb6 30. Rfa1 d3 31. c3 Ra6 32. Nb1 Rxa2 33. Rxa2 b5 34.
Kf1 b4 35. Ke1 Be5 36. g3 Rf8 37. cxb4 Rxf3 38. Nd2 Re3+ 39. Kf1 Bd4 40. Ra8+
Kf7 41. Rd8 e5 42. Nxc4 Re2 43. Rd5 Ke6 44. Rd6+ Ke7 45. Rxh6 Rc2 46. Rc6 Rc1+
47. Kg2 Rxc4 0-1

[Event "PRO League Pacific 2017"]
[Site "chess.com INT"]
[Date "2017.01.25"]
[Round "3"]
[White "Lu, Albert"]
[Black "Tarjan, James E"]
[Result "1-0"]
[BlackTitle "GM"]
[WhiteElo "2319"]
[BlackElo "2406"]
[WhiteTeam "San Diego Surfers"]
[BlackTeam "Portland Rain"]
[WhiteFideId "2057000"]
[BlackFideId "2000180"]
[EventDate "2017.01.11"]

1. d4 Nf6 2. c4 d6 3. Nc3 Nbd7 4. Nf3 e5 5. Bg5 h6 6. Bh4 g5 7. Bg3 Nh5 8. e3
Bg7 9. Be2 O-O 10. Qc2 exd4 11. Nxd4 Nxg3 12. hxg3 Nf6 13. Bd3 Qe7 14. Bf5 c5
15. Nde2 Bxf5 16. Qxf5 Qe6 17. Qd3 Ng4 18. Rd1 Ne5 19. Qd5 Nxc4 20. b3 Qxd5 21.
Nxd5 Ne5 22. Ne7+ Kh7 23. Nf5 Rad8 24. Nc3 Kg6 25. Ne7+ Kf6 26. Ncd5+ Ke6 27. e4
Rh8 28. Nf5 Bf8 29. f4 Ng6 30. Kf2 Kd7 31. Rh5 Kc6 32. Rdh1 Re8 33. Ke3 Ne7 34.
Nfxe7+ Bxe7 35. Rxh6 gxf4+ 36. gxf4 Rhg8 37. Kf3 f5 38. Nxe7+ Rxe7 39. exf5 Reg7
40. f6 Rg3+ 41. Ke4 Rxg2 42. Rh8 Re2+ 43. Kf5 Ree8 44. Rxg8 Rxg8 45. f7 Rf8 46.
Kf6 d5 47. Ke7 Rxf7+ 48. Kxf7 c4 49. bxc4 dxc4 50. Ke6 b5 51. f5 b4 52. f6 1-0